MONEYVAL jako stres test českého AML systému: co čeká banky a finanční instituce?
Česká republika aktuálne prechádza šiestym kolom vzájomného hodnotenia pod hlavičkou Výboru expertov Rady Európy pre hodnotenie opatrení proti praniu špinavých peňazí a financovaniu terorizmu (MONEYVAL). Ide o jedno z najkomplexnejších medzinárodných hodnotení, ktoré má zásadné dopady na verejný aj...
Gespeichert in:
| 1. Verfasser: | |
|---|---|
| Weitere Verfasser: | |
| Format: | Buchkapitel |
| Sprache: | Tschechisch |
| Schlagworte: | |
| Tags: |
Keine Tags, Fügen Sie das erste Tag hinzu!
|
MARC
| LEADER | 00000naa a2200000 4500 | ||
|---|---|---|---|
| 001 | 0315134 | ||
| 005 | 20260225095130.3 | ||
| 041 | 0 | |a cze | |
| 044 | |a CZ | ||
| 245 | 1 | 0 | |a MONEYVAL jako stres test českého AML systému: co čeká banky a finanční instituce? |c Michaela Hladká, Michal Pleskač |
| 520 | |a Česká republika aktuálne prechádza šiestym kolom vzájomného hodnotenia pod hlavičkou Výboru expertov Rady Európy pre hodnotenie opatrení proti praniu špinavých peňazí a financovaniu terorizmu (MONEYVAL). Ide o jedno z najkomplexnejších medzinárodných hodnotení, ktoré má zásadné dopady na verejný aj súkromný sektor. Aký dopad na finančné inštitúcie bude toto hodnotenie mať a prečo je dôležité mu rozumieť? Aké sú dôsledky negatívneho hodnotenia? | ||
| 610 | 2 | 0 | |a banky |
| 610 | 2 | 0 | |a inštitúcie finančné |
| 610 | 2 | 0 | |a pranie špinavých peňazí |
| 610 | 2 | 0 | |a hodnotenie |
| 610 | 2 | 0 | |a rating |
| 610 | 2 | 0 | |a štandardy medzinárodné |
| 610 | 2 | 0 | |a regulácia |
| 610 | 2 | 0 | |a Česko |
| 100 | 1 | |a Hladká, Michaela | |
| 700 | 1 | |a Pleskač, Michal | |